000 00397 a2200157 4500
005 20250627170731.0
020 _a978- 0-07-098405-9
082 _a338.5 SAY
100 _aSAYRE, J. E.
245 _aPrinciples of Microeconomics
250 _a2nd Ed.
260 _aNew York,
_bMcGraw Hill,
_c2009
300 _axxv,438p.; ill.; figure, picture
_c24cm
700 _aMORRIS, A. J.
942 _2ddc
_cBKS
999 _c5751
_d5751